00611 a2200157 450000500170000002000220001708200170003911100090005624501260006525000120019126000450020330000450024894200130029399900150030695201320032120250627080115.0 a978-0-7517-4697-6 a657.45 ACC aACCA aPaper P7 Advanced Audit and Assurance (International) : Practical and Revision Kit for Exams in June and December 2008 a2nd Ed. aLondon, bBPP Learning Media Ltd,c2008. axliv, 396p.; ill.; table,bindex,c29cm. 2ddccBKS c5538d5538 r2025-06-27 09:00:16l0o657.45 ACCpMZA0001571w2025-06-27yBKS102ddc407000a003b003cGENd2008-06-17eDonation from NBAA